00371 2200145 4500001002100000005001500021035002000036245004000056100002000096300001600116260004500132082001200177084001800189020001800207INLIS00000000000003520260406022530 a0010-04260000351 aHadis Untuk Anak /cIndriawan Teguh0 aIndriawan Teguh a170 :bIlus aTangerang Selatan :bLeguty Media,c2021 a297.125 a297.125 IND h a9786236214060